| 000 | 00434ntaaa2200181 4500 | ||
|---|---|---|---|
| 003 | 01 | ||
| 005 | 20251027201719.0 | ||
| 008 | 0714s1973 ag 01 | ||
| 040 |
_aAR-BaBN _bspa _cAR-BaBN _eaacr _dRIC |
||
| 082 | _a234.1000 R36 | ||
| 100 |
_aRice, Juan R. _915704 |
||
| 245 | _aDon de lenguas | ||
| 250 | _a1 ed. | ||
| 260 |
_aEl Paso : _bCasa Bautista de Publicaciones, _cc1957 |
||
| 300 | _a117 p | ||
| 650 | _alenguas | ||
| 942 | _cBK | ||
| 999 |
_c11812 _d11812 |
||